Catálogo

TRAUMATOLOGIA ORAL EN ODONTOPEDIATRIA : (Registro nro. 55882)

Detalles MARC
000 -LEADER
fixed length control field 00969nam a2200217 a 4500
001 - CONTROL NUMBER
control field 55882
005 - DATE AND TIME OF LATEST TRANSACTION
control field 20180714051401.0
008 - FIXED-LENGTH DATA ELEMENTS--GENERAL INFORMATION
fixed length control field 140415s2003 sp 000 0 spa d
020 ## - INTERNATIONAL STANDARD BOOK NUMBER
International Standard Book Number 8484731790
041 ## - LANGUAGE CODE
Language code of text/sound track or separate title spa
082 ## - DEWEY DECIMAL CLASSIFICATION NUMBER
Classification number 617.645
Item number GAR
100 1# - MAIN ENTRY--PERSONAL NAME
Personal name GARCIA BALLESTA, CARLOS
245 10 - TITLE STATEMENT
Title TRAUMATOLOGIA ORAL EN ODONTOPEDIATRIA :
Remainder of title DIAGNOSTICO Y TRATAMIENTO INTEGRAL
250 ## - EDITION STATEMENT
Edition statement 1a ed.
260 ## - PUBLICATION, DISTRIBUTION, ETC.
Place of publication, distribution, etc. ESPAÑA :
Name of publisher, distributor, etc. ERGON,
Date of publication, distribution, etc. 2003
300 ## - PHYSICAL DESCRIPTION
Extent 569
Dimensions 22.5 x 2 x 30.5
520 ## - SUMMARY, ETC.
Summary, etc. LOS TRAUMATISMOS DE LA CAVIDAD ORAL EN NIÑOS Y ADOLESCENTES CONSTITUYEN UNA PARTE IMPORTANTE DE LA PRACTICA ODONTOPEDIATRICA, MAXIME TENIENDO EN CUENTA QUE UNO DE CADA CUATRO NIÑOS VA A SUFRIR DE UN TRAUMATISMO DENTOFACIAL A LO LARGO DE ESTA ETAPA DE SU VIDA. CON EL OBJETIVO DE AUNAR ESTA MULTIDISCIPLINARIDAD, SURGE LA IDEA DE ESTA OBRA.
650 14 - SUBJECT ADDED ENTRY--TOPICAL TERM
Topical term or geographic name entry element ODONTOLOGIA INFANTIL
700 1# - ADDED ENTRY--PERSONAL NAME
Personal name BOJ, JUAN RAMON
Relator term pról.
700 1# - ADDED ENTRY--PERSONAL NAME
Personal name MENDOZA MENDOZA, ASUNCION
Relator term coaut.
Existencias
Withdrawn status Lost status Source of classification or shelving scheme Damaged status Not for loan Collection code Home library Current library Shelving location Date acquired Source of acquisition Inventory number Total Checkouts Full call number Barcode Date last seen Date last checked out Price effective from Koha item type Total Renewals
    Dewey Decimal Classification     General Biblioteca Karol Wojtyla Biblioteca Karol Wojtyla Sala general 03/12/2013 Compra 151000000000000000007698   617.645 GAR 2003 83998 05/01/2026 20/01/2015 15/01/2015 Reserva permanente  
    Dewey Decimal Classification     General Biblioteca Karol Wojtyla Biblioteca Karol Wojtyla Sala general 03/12/2013 Compra 151000000000000000007699 3 617.645 GAR 2003 83999 05/01/2026 30/06/2022 15/01/2015 Libro 1